[Event "ISR-chT"]
[Site "Ramat Aviv"]
[Date "2000.05.05"]
[Round "10.3"]
[White "Golod, Vitali"]
[Black "Polgar, Judit"]
[Result "1/2-1/2"]
[WhiteElo "2566"]
[BlackElo "2658"]
[Annotator "Golod,V"]
[PlyCount "37"]
[EventDate "2000.01.14"]
[EventType "team"]
[EventRounds "11"]
[EventCountry "ISR"]
[Source "ChessBase"]
[SourceDate "2000.07.27"]
[WhiteTeam "Beer Sheva"]
[BlackTeam "Rishon Lezion Club Kasparov"]
[WhiteTeamCountry "ISR"]
[BlackTeamCountry "ISR"]

{This was the last but one round game of the Israeli League.} 1. d4 Nf6 2. c4
e6 3. Nc3 Bb4 4. Qc2 O-O 5. a3 Bxc3+ 6. Qxc3 b6 7. Bg5 Ba6 $5 8. Qf3 $5 {[%csl
Ra8,Gf3,Rf6,Gg5][%cal Gf3a8,Gf3f6,Gg5f6]} (8. e3 $5 {It's main line.See
comments to Gabriel,C-Wells,P/Pulvermuehle,2000/CBM 75(1/2-1/2) (Golod,V)(22)})
({Besides,white has three options:} 8. Nf3) (8. Rc1) ({and} 8. f3 $6 {See
comments to Golod,V-Dgebuadze,A/ Hoogeveen,1998/CBM 68 (1-0)(Golod,V)(52)})
8... Nc6 9. e3 h6 $5 ({Interestingly from the beginning:} 9... Na5 $5 {You can
see comments to Beliavsky,A-Kortschnoj,V/Lviv,2000/CBM 77 (1/2-1/2)(Golod,V) 
(33)}) 10. h4 $5 ({After:} 10. Bxf6 Qxf6 11. Qxf6 gxf6 12. b4 {I have a slight
positional advantage in the endgame.}) 10... Re8 ({It deserves attention:} 
10... Na5 $5 11. Rc1 c5 12. d5 $13) ({Was checked in the previous game:} 10...
Bb7 {[%cal Gc6d4]} 11. Bxf6 $6 (11. O-O-O $5 Rb8 {[%csl Yb8][%cal Yb8b7,Gc6d4]}
(11... Re8 $5) 12. Qh3 $5 (12. Bxf6 $143 Qxf6 13. Qxf6 gxf6 14. Bd3 Ne7 15. Ne2
Kh8 {+/=/=}) 12... Re8 13. Ne2 Na5 14. Nc3 c5 15. d5 $13) (11. Qh3 $5 $13 {
[%csl Rg8,Gh1,Gh3] An interesting idea which was mentioned by Smirin,I after
the game:}) 11... Qxf6 12. Qxf6 {1/2-1/2 Golod,V-Psakhis,L/London,1999(12)} (
12. Qxf6 gxf6 13. b4 (13. Bd3 $5 a5 14. Ne2 $11) 13... Ne7 14. Ne2 a5 15. b5
Kh8 $11 {[%csl Rg2][%cal Gf8g8]})) 11. Rc1 $5 $146 {[%csl Yc1] From my point
of view this move better,than:} (11. b4 {See comments to Dias,P-Miralles,G/
Escaldes,1998/CBM 68(1/2-1/2)(Rodriguez,Am) (18)}) 11... Bb7 {[%csl Gb7,Rf3]}
12. Bxf6 {Most probably,this obligatory move.} ({Pretty dubious:} 12. Qh3 Kf8
$1 {[%csl Yf8,Rg8][%cal Yg8f8,Gh6g5]} 13. Nf3 (13. Bxf6 Qxf6 {=/=/+}) 13...
hxg5 14. hxg5 Ng8 15. Qh8 {[%csl Rg7][%cal Gh1h7]} Nce7 (15... f5 $5 16. Rh7
Qe7) 16. Bd3 (16. Rh7 $2 Nf5 $17 {[%csl Yf3,Rg5][%cal Gb7f3]}) 16... Bxf3 17.
gxf3 Ng6 18. Bxg6 fxg6 19. Rh7 Qe7 20. f4 $44) 12... Qxf6 13. Qxf6 gxf6 14. Bd3
{+/=/=} d6 $5 {Black's plan is:Nb8-d7} (14... Ne7 $143 15. Ne2 c5 16. Kd2 $14)
15. Ne2 Nb8 {[%cal Gb8d7]} 16. Nc3 ({Senselessly:} 16. c5 bxc5 (16... dxc5 $5
17. dxc5 Rd8 18. Bb1 $11) 17. dxc5 Nc6 18. cxd6 cxd6 19. Ba6 Na5 20. Bxb7 Nxb7
$11) 16... Nd7 17. Be4 $6 {After this inaccuracy black equalizes. Probably
could be recomended:17.Kd2!? or 17.Ke2.} Bxe4 ({Badly:} 17... c6 $2 {in view
of:} 18. Bf3 $1 {[%csl Rd6][%cal Gc3e4,Gc3b5]} (18. Nb5 $2 d5 19. Nd6 dxe4 20.
Nxb7 f5 21. Nd6 Red8 $11) 18... d5 $8 (18... Kf8 $2 19. Nb5 {[%csl Rc7,Rd6]
[%cal Gb5c7,Gb5d6]} cxb5 20. Bxb7 Rab8 21. Bc6 $18 {[%csl Rb5,Rd7]}) 19. cxd5
cxd5 (19... exd5 $143 20. Ne2 $16 {[%cal Ge2f4]}) 20. Kd2 {+/=/+/-}) 18. Nxe4
f5 ({Too actively:} 18... e5 19. d5 $140 f5 $6 {because of:} 20. Ng3 f4 21. Nf5
Kh7 22. Ke2 Rg8 23. Rhg1 $14) 19. Nc3 $11 (19. Nc3 a6 {[%csl Ya6,Rb5][%cal
Ya6b5]} 20. Kd2 Kf8 {/\Ke7,Rg8=}) 1/2-1/2

[Event "Japfa Classic"]
[Site "Bali"]
[Date "2000.04.23"]
[Round "2"]
[White "Polgar, Judit"]
[Black "Adianto, Utut"]
[Result "1-0"]
[WhiteElo "2658"]
[BlackElo "2584"]
[Annotator "Lukacs"]
[PlyCount "95"]
[EventDate "2000.04.22"]
[EventType "tourn"]
[EventRounds "9"]
[EventCountry "INA"]
[EventCategory "16"]
[Source "ChessBase"]
[SourceDate "2000.07.27"]

1. e4 c6 2. d4 d5 3. Nc3 dxe4 4. Nxe4 Bf5 5. Ng3 Bg6 6. h4 h6 7. Nf3 Nd7 {This
is the old main line.} (7... Nf6 {is more and more popular these days.}) 8. h5
{White's main advantage is his space advantage on the >> thanks to his h5 P.
However in some situation it may also become weak.} Bh7 9. Bd3 {White has to
change the strong h7 B.} Bxd3 10. Qxd3 Ngf6 11. Bf4 (11. Bd2 Qc7 {- 11.Bf4})
11... Qa5+ {trying to force back the B.} 12. Bd2 (12. c3 $5) 12... Qc7 13.
O-O-O e6 14. Ne4 {White wants to bring his passive N into action.} (14. Qe2 {
/\ Ne5 is the other possibility.}) 14... Bd6 {Seirawan's idea. Black is not
afraid of exchanging his B for the N.} (14... O-O-O 15. g3 Nxe4 16. Qxe4 Bd6 {
is the usual move order here.}) 15. g3 (15. Kb1 $5) 15... Nxe4 16. Qxe4 O-O-O
17. Qe2 {Pure prophylactic against Nf6.} (17. c4 c5 18. d5 {Arakhamia-Van der
Sterren, Sydney Mercantile 1991CBM 23} (18. Bc3 {Thipsay-Prakash, Chalapathi
GM 2000 CBM 77})) 17... Rhe8 {/\ e5} 18. Kb1 b5 $6 {This is a regular
positional mistake. Black wants to secure his N's position on d5, but after
c2-c4 the c6 P and the << becomes weak.} (18... e5 {was the consequent
continuation.} 19. dxe5 Nxe5 20. Nxe5 Bxe5 21. Be3 b6 22. a3 Kb7 23. Rhe1 Bf6
24. Qc4 Rd7 25. Ka2 Qd8 26. Qg4 Re6 27. Rxd7+ Qxd7 $11 {Liu Dede-Adianto,
Yangon zt playoff 1998}) (18... a6 19. c4 c5 20. Bc3 cxd4 21. Rxd4 Be7 22. Rg4
Bf6 23. Bxf6 gxf6 {Black's P structure is a bit corrupted, but it is not easy
to exploit it.} 24. c5 (24. Rg7 Nc5 25. Rh7 Rh8 26. Rxh8 Rxh8 27. Rd1 Rd8 $11 {
and White's advantage would be significant only in a P _|_.}) 24... Ne5 25. Rf4
{(Watson-Van der Sterren, Budapest 1989)} Nxf3 $1 26. Rxf3 Qc6 27. Re1 f5 $11)
(18... Nf6 19. c4 (19. Ne5 $6 c5 20. Bf4 Nd5) 19... c5 (19... e5 $6 {now is
already late:} 20. c5 Bf8 21. dxe5 ({but not} 21. Nxe5 $2 Rxd4) 21... Bxc5 22.
Qc4 Nd7 23. Qxf7 Re7 24. Qc4 Bxf2 25. Bf4 $16 {with a strong o^ on e5.}) 20.
Bc3 $14) (18... Re7 19. c4 c5 20. Bc3 Nf6 21. Ne5 cxd4 22. Rxd4 Bxe5 23. Rxd8+
Qxd8 24. Bxe5 Rd7 25. Bc3 Qb6 26. g4 $16 {Kasparov-Vukic, EU-chT Skara 1980})
19. c4 $5 {White immediately attacks the targets on the c <->.} (19. Rhe1 Nb6 (
19... Nf6 20. Ne5) 20. Ba5 $14) 19... bxc4 20. Qxc4 Nb6 21. Qc2 Nd5 ({On} 21...
Kb7 {follows} 22. Ba5 $14 {with a nasty pin.}) 22. Rc1 (22. Ne5 $5 Bxe5 (22...
Kb7 23. Nc4 {>< a5} Ka8 24. Ba5 Nb6 25. Rc1 $16 {>< c6}) 23. dxe5 Qxe5 (23...
Kb7 24. f4 $16 {with a better P structure.}) 24. Qxc6+ Kb8 (24... Qc7 25. Qa6+
$1 (25. Qa8+ $4 Kd7) (25. Qxc7+ Nxc7 26. Bc3 f6 $14 {is an only slightly worse
_|_.}) 25... Qb7 (25... Kb8 26. Ba5 $14) 26. Qe2 Qb6 (26... Kb8 27. Qe5+) 27.
Rc1+ Kb7 $14) 25. Qb5+ Ka8 26. Ka1 Rc8 27. Rc1 $14) 22... Kb7 23. Ne5 $1 Bxe5
24. dxe5 Rc8 25. Rhe1 Qb6 26. Be3 $1 $16 {White is happy to exchange his B for
the wonderful N on d5.} (26. f4 Qf2 $132) 26... Qb5 (26... Nxe3 $2 {brings
only the enemy R into action.} 27. Rxe3 Ka8 28. Rc3 $18) 27. Bc5 Red8 28. Re4
Rd7 29. Rd4 (29. Rc4 $16) 29... Ka8 (29... Rcd8 30. Bd6 $16 {and the B kills
the rooks.}) 30. Qd2 ({Or} 30. Bd6 Rb7 31. Rc4) 30... Rb7 31. f4 Rcb8 32. b3
Qa6 33. Kb2 {White can strengthen his position slowly but surely.} Rb5 34. Qd3
(34. Bd6 R8b7 (34... Rc8 35. a4) (34... Ra5 $2 {puts the R to an inferior
place.} 35. a4 Rc8 36. Rdc4) 35. Qd3 $16) 34... Qa5 35. Bd6 Rc8 36. Rdc4 Nb6 {
Finally Black cannot defend his weak P anymore.} ({On} 36... Rb6 {follows the
unexpected breakthrough by} 37. f5 $1) 37. Rxc6 $18 Rxc6 38. Rxc6 Rd5 39. Qc3
Rd2+ 40. Kc1 (40. Kb1 $1 {was simpler.} Qxa2+ (40... Qd5 41. Rc8+ $18) (40...
Rd1+ 41. Kc2 $18) 41. Kc1 $18) 40... Qxc3+ 41. Rxc3 Rxa2 42. Rc7 Rg2 43. Rxf7
Rxg3 44. f5 $1 {creating a decisive o^.} exf5 45. e6 Rg1+ (45... Rc3+ 46. Kb2 (
{or} 46. Kd2 Rc6 47. Rf8+ Kb7 48. e7 Rxd6+ 49. Kc2 Rc6+ 50. Kb2 Re6 51. e8=Q
Rxe8 52. Rxe8 $18) 46... Re3 47. e7 Nc8 48. Bc5 $18) 46. Kd2 Rg2+ 47. Kd3 Nc8
48. Be5 1-0

[Event "Sigeman & Co 08th"]
[Site "Malmo"]
[Date "2000.05.23"]
[Round "1"]
[White "Hillarp Persson, Tiger"]
[Black "Polgar, Judit"]
[Result "1/2-1/2"]
[WhiteElo "2545"]
[BlackElo "2655"]
[Annotator "Golod,V"]
[PlyCount "57"]
[EventDate "2000.05.23"]
[EventType "tourn"]
[EventRounds "6"]
[EventCountry "SWE"]
[EventCategory "15"]
[Source "ChessBase"]
[SourceDate "2000.07.27"]

1. d4 Nf6 2. c4 e6 3. Nc3 Bb4 4. Qc2 O-O 5. e4 d5 $5 ({Other options is:} 5...
c5 $5 {See comments to Doroshkievich,V-Shishkov,A/St.Petersburg, 1999/CBM 74
(1-0)(Golod,V)(30)}) (5... d6 $5 {See comments to Short,N-Karpov,A/Dortmund,
1997/CBM 60 (1-0)(Tsesarsky)(44)}) 6. e5 Ne4 7. Bd3 c5 8. Nge2 $5 {Besides,
white has several alternatives:} (8. a3 Ba5 (8... Bxc3+ 9. bxc3 cxd4 (9... Nc6
10. Bb2 $1 (10. Nf3 $2 cxd4 11. Bxe4 (11. cxd4 Qa5+ 12. Bd2 Nxd2 13. Nxd2 dxc4
14. Bxh7+ Kh8 $17) 11... dxe4 12. Qxe4 dxc3 13. Ng5 g6 14. Nf3 f5 15. Qe3 Bd7
16. O-O Qa5 $17 {Zitin,Yuri-Veingold,Aleksandr/Keres mem, 1998(0-1)(43)}) 10...
f5 $132) 10. cxd4 Qa5+ 11. Kf1 Nc6 (11... f6 $6 12. Nf3 Nc6 13. Rb1 $14 {
Berkovich,D-Tangborn,Eric/Kobanya,1992 (1-0)(48)}) 12. Bxe4 dxe4 13. Bb2 Qa6
14. Ne2 Na5 15. Rc1 $11 (15. c5 $2 b6 16. Qxe4 Bb7 17. Qg4 bxc5 $17 {[%csl Rf1]
[%cal Gb7g2] Zimmerman,Yuri-Belichev,Nikolai/Budapest,1999(0-1)(27)})) 9. Bxe4
(9. dxc5 Bxc3+ 10. bxc3 Nd7 11. Bxe4 dxe4 12. Be3 Nxe5 $132 {Zimmerman,
Yuri-Wells,Peter/HUN,1998 (0-1)(39)}) 9... dxe4 10. dxc5 Qd4 (10... Nc6 11. b4
Bc7 12. Nxe4 Nxe5 13. Be3 f5 $44 {Zimmerman,Yuri-Lukacs,Peter/HUN,1999 (1/2-1/
2)(21)}) 11. Nge2 Qxc4 12. O-O Qd3 (12... Bxc3 13. Nxc3 Qxc5 14. Qxe4 Nc6 $11)
13. Qa4 Bc7 14. Rd1 Bd7 15. Qb4 Qa6 16. Qxe4 Bc6 $44 {Olivera,
Alfredo-Karastoichev,Emil Stefanov/Buenos Aires ol,1939(0-1)(24)}) (8. dxc5 Nd7
$1 {[%csl Rc5][%cal Gd7c5]} (8... Nc6 $2 9. Nf3 f5 $5 (9... Qa5 10. O-O Nxc3
11. bxc3 Bxc3 12. Rb1 dxc4 13. Bxh7+ Kh8 14. Qe4 Nxe5 (14... Re8 15. Qh4 $18 {
Issakainen,Ari-Liitiainen,Elia/Helsinki op,1999(1-0)(22)}) 15. Nxe5 Bxe5 16.
Qh4 Bf6 17. Qh3 Rd8 18. Be4+ Kg8 19. c6 $16) 10. exf6 Qxf6 11. O-O Bxc3 12.
bxc3 $16) 9. Nf3 Ndxc5 10. O-O Bxc3 11. bxc3 Nxd3 12. Qxd3 b6 13. Ba3 Re8 14.
Rfd1 Ba6 $19 {Kaidanov,Grigory S-Kharitonov,Andrei Y/Smolensk,1986(0-1)(20)}) (
8. cxd5 $5 {See comments to Ahlander,B-Wedberg,T/Stockholm,1999/ CBM 73(1-0) 
(Golod,V)(43)}) 8... f5 (8... Nc6 $5 9. cxd5 exd5 {+/=/=}) 9. cxd5 $146 {
Except of this move white have also.} (9. a3 $5 Ba5 (9... Qa5 10. Rb1 Bxc3+ 11.
bxc3 cxd4 12. Rb5 $14) 10. Bxe4 (10. cxd5 $2 Nxc3 11. bxc3 Qxd5 $17 {[%csl Rg2]
[%cal Gc5c4]}) 10... fxe4 11. O-O (11. dxc5 $2 d4 12. b4 Bc7 13. Nxe4 d3 $17)
11... Nc6 12. cxd5 exd5 13. dxc5 Bxc3 14. Nxc3 Nxe5 15. Qb3 Nc4 16. Nxe4 Qe7
$132) (9. exf6 $5 Qxf6 (9... cxd4 $1 10. Nxd4 Nxf6 11. Nb3 $132) 10. O-O cxd4
11. cxd5 (11. Nxe4 dxe4 12. Bxe4 $14) 11... Nxf2 12. Bxh7+ Kh8 13. Nf4 $36 {
[%cal Gf4g6]}) 9... cxd4 10. Bxe4 $1 ({Badly:} 10. a3 $2 Ba5 $140 11. Nxd4 {
because of:} Qxd5 $17 {[%csl Rc3,Rd4]}) (10. Nxd4 $6 Qxd5 11. Nf3 Nc6 $15)
10... fxe4 11. Nxd4 $1 (11. Qxe4 $2 exd5 12. Qxd4 Nc6 13. Qd1 d4 14. a3 Be7 $15
) 11... Qxd5 (11... exd5 12. O-O Bc5 (12... Nc6 13. Nxc6 bxc6 14. Nxe4 $1 $14)
13. Nb3 Bb6 14. Be3 Nc6 (14... Bxe3 15. fxe3 $14 {[%cal Gf1f8,Gb3d4]} Rxf1+ 16.
Rxf1 Nc6 17. Rd1 $14) 15. Bxb6 axb6 $132) 12. Be3 {White solved opening
problems and equalized.} Nd7 13. O-O {[%csl Re4]} Bxc3 14. Qxc3 Nxe5 $44 {
Black with P over, but white have enough compensation.} 15. Rfd1 (15. Rad1 $5)
15... Qc4 ({It deserves attention:} 15... Nd3 16. f3 Qe5 17. fxe4 Nf4 18. Qc2 (
18. Bxf4 Qxf4 19. Rf1 Qxe4 20. Rxf8+ Kxf8 21. Rf1+ Kg8 22. Nb5 Bd7 23. Rf7 Qb1+
24. Rf1 Qg6 $17) 18... Nd5 19. Bf2 Nf6 20. Rac1 Qxe4 21. Re1 Qd5 (21... Qxc2
22. Rxc2 $44 {[%csl Re6]}) 22. Qc4 {[%csl Re6]} Ne4 23. Nxe6 $1 $11) 16. Qxc4
Nxc4 17. Nb5 b6 (17... a6 18. Nc7 Nxe3 (18... Rb8 $2 19. Ba7 $18) 19. fxe3 (19.
Nxa8 Nxd1 20. Rxd1 e5 21. Nb6 Be6 22. b3 Kf7 $15) 19... Ra7 20. Rac1 $11) 18.
Nc7 Rb8 19. b3 Rb7 (19... Nxe3 20. fxe3 e5 21. Rd5 Bb7 (21... Rb7 22. Rc1 $44)
22. Rxe5 Rbc8 23. Nb5 $132) 20. Nb5 (20. Rac1 Rxc7 21. Rxc4 Rxc4 22. bxc4 $11)
20... Nxe3 21. fxe3 {White keep enough compensation.} Rd7 (21... e5 22. Nd6 Rd7
23. Nxe4 Rfd8 24. Rxd7 Rxd7 25. Rc1 Bb7 26. Ng3 (26. Ng5 Rd2 27. e4 h6 28. Rc7
hxg5 29. Rxb7 Rxa2 $15) 26... Kf7 (26... Rd2 27. e4 $1 $11) 27. Rc2 Ke6 28. Kf2
$11) 22. Rxd7 Bxd7 23. Nd6 Bc8 (23... Bc6 24. Rc1 $44) 24. Rc1 Ba6 25. Nxe4 {
The material equality is restored.} Rf5 26. b4 Re5 27. Nd6 Rd5 {Avoiding a
trap:} (27... Rxe3 $2 28. b5 Rd3 29. Rc6 Rxd6 30. Rxd6 Bxb5 31. Rxe6 $16) 28.
b5 Rxd6 29. bxa6 (29. bxa6 Rd7 30. Kf2 Kf7 31. Kf3 $11) 1/2-1/2

[Event "Istanbul ol (Men) 34th"]
[Site "Istanbul"]
[Date "2000.11.02"]
[Round "6.2"]
[White "Hracek, Zbynek"]
[Black "Polgar, Judit"]
[Result "0-1"]
[WhiteElo "2612"]
[BlackElo "2656"]
[Annotator "Ribli"]
[PlyCount "52"]
[EventDate "2000.10.28"]
[EventType "team-swiss"]
[EventRounds "14"]
[EventCountry "TUR"]
[Source "ChessBase"]
[SourceDate "2000.11.22"]
[WhiteTeam "Czech Republic"]
[BlackTeam "Hungary"]
[WhiteTeamCountry "CZE"]
[BlackTeamCountry "HUN"]

1. e4 c5 2. Nf3 e6 3. d4 cxd4 4. Nxd4 Nc6 5. Nc3 Qc7 {Großmeisterin Polgar
spielt gerne diese Variante der Sizilianischen Verteidigung - und zwar mit
beiden Farben.} 6. Be3 a6 7. Bd3 {Diese Variante ist in letzter Zeit die
wichtigste Waffe gegen die Taimanov - Paulsen Variante.} b5 {Dieser Zug wird
relativ selten gespielt, ist aber - meine ich - nicht schlechter als die
Alternativen.} 8. Nxc6 {Dieser Zug ist die am häfuigsten gespielte Fortsetzung,
aber es gibt auch  8.f4 und 8.0-0.  Mit dem Textzug tauscht Weiß den Springer
sofort ab und wartet nicht auf Bb7, wonach Schwarz den Springer auch mit
seinem Läufer schlagen könnte.} Qxc6 9. O-O Bb7 10. a3 (10. Re1 Ne7 $5 11. a4
b4 12. Na2 Ng6 13. Bd2 Qb6 14. a5 Qxa5 15. Nxb4 Qb6 16. Na2 Bd6 17. Qh5 Be5 {
0-1 Macieja,B-Polgar,J/Batumi GEO 1999 (59)}) 10... Nf6 11. Qe2 (11. Re1 Be7
12. Qf3 Qc7 $11 {Dieser Zug gerichtet gegen 13.Qg3, wonach Schwarz kann die
Damen tauschen.} (12... d6 $11)) (11. f4 Bc5 $11) 11... h5 {Die ungarische
Großmeisterin spielt die schärfste Fortsetzung. Mit dem Textzug bereitet
Schwarz Ng4 vor. Er hat keine Angst, dass er in der Folge wegen des
geschwächten Königsfügels nicht kurz rochieren kann. Anstelle der
Partiefortsetzung ist auch der einfache Entwicklungszug 11...Be7 gut spielbar.}
(11... Rc8 12. f4 h5 13. h3 (13. e5 Ng4 14. Be4 Qc7 15. Bxb7 Qxb7 16. Kh1 Rc4
17. h3 $5 {1-0 Zarnicki,P-Milov,V/Buenos Aires 1996/CBM 53/[Ribli] (32)}) 13...
h4 14. Rf3 Nh5 15. Qf2 Be7 16. f5 e5 17. Nd5 Bd8 18. a4 bxa4 19. c4 Nf6 20. Qe1
O-O 21. Qb4 a5 22. Nxf6+ Bxf6 23. Qxa5 Ra8 24. Qe1 Rfb8 25. Bf2 Ba6 26. Qc1 Rc8
27. Ra3 Rab8 28. Qc2 {1/2-1/2 Kotronias,V-Al Modiahki,M/Istanbul 2000/EXT 2001
(28)}) (11... Be7 $5 12. f4 O-O 13. Qf3 (13. e5 Nd5 14. Nxd5 Qxd5 $10) 13...
Bc5 $1 14. Kh1 Rac8 $13 {Khalifman,A-Salov,V/Wijk cm4/1994/CBM39/INF59,208/})
12. f4 $6 {Weiß ist optimistisch und verteidigt sich nicht gegen Ng4. Es wäre
m.E. aber besser, den Springerzug entweder mit 12.f3 oder 12.h3 (später kann
Weiß dann f2-f4 ziehen) zu verhindern.} (12. Bd4 Be7 13. Rfe1 Rc8 14. Rad1 Kf8
15. h3 h4 16. Qe3 {Sindik,E-Damjanovic,M/Karlovac 1977/Inf 25 (16)}) (12. h3
Rc8 (12... Bc5 13. Bxc5 Qxc5 14. e5 Qc6 15. f4 Nd5 16. Nxd5 Qxd5 17. Kh1 g6 18.
Rad1 Rc8 19. Rd2 Qc6 20. Rfd1 O-O 21. c3 {1-0 Roschina,T-Kosmac,B/Pula 1999/
EXT 2000 (48)}) 13. f4 Bc5 (13... h4 14. Rf2 b4 $6 (14... Nh5 $5) 15. axb4 Bxb4
16. Ra4 Bxc3 17. Rc4 $36 {Penrose,J-Mecking,H/Lugano ol/1968/INF06,479/}) 14.
Bxc5 (14. Rf2 Bxe3 15. Qxe3 d6 16. Qg3 Qc5 17. e5 h4 18. Qg5 Nh5 {0-1 Gruszka,
M-De Urquia,J/Villa Gesell 1970/EXT 98 (32)}) 14... Qxc5+ 15. Kh1 h4 16. Qf2
Qxf2 17. Rxf2 Ke7 18. Re1 Rc5 {1/2-1/2 Macieja,B-Ivanisevic,I/Zagan 1997/CBM
59 ext (59)}) (12. f3 Bd6 13. Bd4 Bc5 14. Qf2 Rc8 15. e5 Ng4 16. Be4 Nxf2 17.
Bxc6 Nh3+ 18. Kh1 Rxc6 {0-1 Marciano,D-Lamoureux,C/Nantes 1993/EXT 97 (18)})
12... Ng4 13. Bd2 Bc5+ {Alles kommt mit Tempo für Schwarz.} 14. Kh1 Bd4 {[%csl
Gd4,Gg4]} (14... O-O-O) 15. Rae1 (15. a4 b4 16. Na2 Qb6 17. a5 Qxa5 18. Nxb4
Qb6 $13) 15... O-O-O $13 {Dieser Zug ist wiederum sehr scharf. Der schwarze
König am Damenflügel kann schnell zum Angriffsziel werden.} 16. Nd1 $6 (16. a4
b4 17. Na2 Qb6 $13) 16... f5 $1 {[%cal Gb7h1] Das ist eigentlich ein
Bauernopfer. Schwarz möchte die Diagonale a8-h1 um jeden Preis öffnen.} (16...
d5 $6 17. e5 $14) 17. Ba5 (17. exf5 exf5 {[%cal Gh8e8,Ge8e1,Gb7h1]} 18. Bxf5
Rhe8 19. Qf3 Qxf3 20. gxf3 Rxe1 21. Bxe1 Rf8 22. Be4 Rxf4 23. Bxb7+ Kxb7 24.
Kg2 Ne5 25. Bg3 Rf5 $15) 17... Rdf8 18. c3 Ba7 19. e5 $2 {Nach diesem Zug hat
Schwarz freie Hand am Königsflügel.} (19. exf5 exf5 20. Bb4 Rf6 (20... Re8 21.
Qxe8+ Rxe8 22. Rxe8+ Kc7 23. Ba5+ Bb6 24. Bxb6+ Kxb6 25. Re2 $14) 21. Qc2 $13)
19... g5 $1 $40 {Schwarz hat sehr starke Kontrolle über die Diagonalen a7-g1
und a8-h1. Mit der Partiefortsetzung möchte er die g-Linie für sich öffnen.}
20. c4 $6 (20. a4 bxa4 21. Bc2 gxf4 22. Rxf4 Rfg8 $17) (20. Bb4 Rfg8 $17) 20...
bxc4 21. Bxc4 gxf4 22. Rf3 (22. Rxf4 Rfg8 $17 (22... Nf2+ 23. Rxf2 Bxf2 24.
Qxf2 Qxc4 25. Ne3 $15)) 22... Rhg8 $17 {[%cal Gg8g2]} 23. b4 (23. Bc3 Ne3 $17)
23... Nxe5 $1 {Schwarz gewinnt den wichtigen weißen  Zentrumsbauern.} 24. Qxe5
Qxc4 25. Nb2 {[#]} Bxf3 $1 $19 {Mit dieser kleinen Kombination gewinnt Schwarz
Material.} 26. gxf3 (26. Nxc4 Bxg2#) 26... Qc2 {[%csl Rh1][%cal Rc2g2,Rg2h1]}
0-1

[Event "Istanbul ol (Men) 34th"]
[Site "Istanbul"]
[Date "2000.11.08"]
[Round "11.3"]
[White "Polgar, Judit"]
[Black "Anastasian, Ashot"]
[Result "1-0"]
[WhiteElo "2656"]
[BlackElo "2571"]
[Annotator "Hecht"]
[PlyCount "145"]
[EventDate "2000.10.28"]
[EventType "team-swiss"]
[EventRounds "14"]
[EventCountry "TUR"]
[Source "ChessBase"]
[SourceDate "2000.11.22"]
[WhiteTeam "Hungary"]
[BlackTeam "Armenia"]
[WhiteTeamCountry "HUN"]
[BlackTeamCountry "ARM"]

1. e4 e5 2. Nf3 Nc6 3. Bb5 a6 4. Ba4 Nf6 5. O-O Be7 6. Re1 d6 7. Bxc6+ bxc6 8.
d4 exd4 9. Nxd4 Bd7 10. b3 O-O 11. Bb2 g6 12. Qf3 Nh5 13. e5 d5 14. Nd2 a5 15.
c4 c5 16. Ne2 d4 17. Nc1 Ra6 18. Nd3 Bc6 19. Qg4 a4 20. Ne4 Bxe4 21. Qxe4 Qa8
22. Qg4 Qc8 23. Qxc8 Rxc8 24. Ba3 Ra5 25. Reb1 g5 26. g3 axb3 27. axb3 Rb8 28.
Kf1 f6 29. Ke2 Kf7 30. Kd2 Ke6 31. exf6 Bd6 32. Kc2 Rba8 33. Bb2 Rxa1 34. Bxa1
Nxf6 35. Re1+ Kf5 36. f3 h5 37. b4 Ra2+ 38. Bb2 Nd7 39. b5 Ne5 40. Nxe5 Bxe5
41. Kb3 Ra8 42. g4+ Kf6 43. Bc1 Bd6 44. h3 Rh8 45. Kc2 hxg4 46. hxg4 Rh3 47.
Rf1 Be7 48. Kd3 Ke6 49. Re1+ Kd6 50. Ke4 Rh6 51. Rf1 Re6+ 52. Kd3 Rh6 53. f4
Rh4 54. Ke4 Ke6 55. f5+ Kf7 56. Rg1 Rh6 57. Bd2 Ke8 58. Be1 Rh2 59. Bg3 Re2+
60. Kd5 Kd7 61. Re1 Rxe1 62. Bxe1 Bd6 63. Bd2 Bf4 64. Bxf4 gxf4 {[#] 
Verbundene Freibauern gegen gedeckten Freibauer} 65. Ke4 Ke7 66. Kxf4 Kf7 67.
g5 Ke7 68. f6+ Ke6 (68... Kf7 69. Kf5 d3 70. g6+ Kg8 71. Ke6 d2 72. f7+ Kg7 73.
Ke7 d1=Q 74. f8=Q+ Kxg6 75. Qf6+ Kh5 76. Qf5+ Kh4 77. Qxc5 $18) 69. Ke4 Kd7 70.
f7 Ke7 71. g6 Kf8 72. Kf5 Ke7 73. Kg5 (73. Kg5 d3 74. Kh6 d2 75. Kg7 d1=Q 76.
f8=Q+ Kd7 77. Qf5+ Kd6 78. Qd5+ Qxd5 79. cxd5 c4 80. Kf6 c3 81. g7 c2 82. g8=Q
c1=Q 83. Qd8+ Kc5 84. Qxc7+ $18) 1-0

[Event "World Cup of Rapid Chess-A"]
[Site "Cannes"]
[Date "2001.03.21"]
[Round "1"]
[White "Lautier, Joel"]
[Black "Polgar, Judit"]
[Result "1/2-1/2"]
[WhiteElo "2658"]
[BlackElo "2676"]
[Annotator "Hecht"]
[PlyCount "106"]
[EventDate "2001.03.21"]
[EventType "tourn (rapid)"]
[EventRounds "5"]
[EventCountry "FRA"]
[EventCategory "18"]
[Source "ChessBase"]
[SourceDate "2001.05.17"]

1. d4 Nf6 2. c4 e6 3. Nc3 Bb4 4. e3 b6 5. Nge2 c5 6. a3 Ba5 7. Rb1 Na6 8. Bd2
Bb7 9. Ng3 cxd4 10. exd4 Bxc3 11. bxc3 h5 12. h4 Rc8 13. Qa4 Ra8 14. Bg5 Qc8
15. f3 Nc7 16. Bd3 Bc6 17. Qc2 d5 18. cxd5 Ncxd5 19. O-O Qc7 20. Ne4 Nf4 21.
Nxf6+ gxf6 22. Bxf6 Nh3+ 23. gxh3 Rg8+ 24. Kh1 Qg3 25. Be4 Bxe4 26. fxe4 Qxh3+
27. Qh2 Qd3 28. Bg5 f6 29. Qf4 Qh3+ 30. Qh2 Qxh2+ 31. Kxh2 fxg5 {
Doppelturmendspiel, das nur an einer Stelle vom Remispfad hätte abweichen
können.} 32. Rf6 Ke7 33. Rbf1 gxh4 34. Rf7+ Kd6 35. c4 Rg4 36. e5+ Kc6 37. R1f6
Re8 38. d5+ Kc5 39. Rxe6 Reg8 40. Rf2 Kxc4 41. d6 R4g7 42. Rh6 Kd5 43. Rd2+
Kxe5 44. d7 Rd8 45. Rxh5+ Ke4 (45... Ke6 $1 $17 {Schwarz wird bei schlechtem
weißen König einen Bauern gewinnen.}) 46. Rhd5 h3 47. R2d4+ Ke3 48. Rd3+ Ke4
49. R3d4+ Ke3 50. Kxh3 Rh8+ 51. Rh4 Rd8 52. Rhd4 Rh8+ 53. Rh4 Rd8 1/2-1/2